00322nam a2200109Ia 4500008004000000082002000040100002000060245006000080260004200140300000700182650002300189210210b1979 xxu||||| |||| 00| 0 eng d a337.091724 DUTT aDUTTA (Kalyan). aThird world countries: struggle for new economic order. aNDbSterling Publishers Pvt Ltdc1979 a87 aNew economic order